00535nam a22001577a 450000500170000000800410001702000180005804000130007608200180008924501280010726000410023530000110027665000240028765000270031165000390033820211104104337.0211015b ||||| |||| 00| 0 eng d a9783030186258 cPK-LaUMT a610.285bPER- aPersonalized and precision medicine informatics :ba workflow-based view /cedited by Terrence Adam and Constantin Aliferis aCham, Switzerland :bSpringer,c2020 a349 p. aMedical informatics aBiomedical engineering aMedical records-Digital processing